Modern Television Practice : (Record no. 183324)
[ view plain ]
| 000 -LEADER | |
|---|---|
| fixed length control field | 01719 a2200193 4500 |
| 003 - CONTROL NUMBER IDENTIFIER | |
| control field | Nust |
| 005 - DATE AND TIME OF LATEST TRANSACTION | |
| control field | 20221223115454.0 |
| 020 ## - INTERNATIONAL STANDARD BOOK NUMBER | |
| International Standard Book Number | 8122403379 |
| 040 ## - CATALOGING SOURCE | |
| Transcribing agency | Nust |
| 082 ## - DEWEY DECIMAL CLASSIFICATION NUMBER | |
| Classification number | 621.388,GUL |
| 100 ## - MAIN ENTRY--PERSONAL NAME | |
| Personal name | Gulati R.R |
| 9 (RLIN) | 63177 |
| 245 ## - TITLE STATEMENT | |
| Title | Modern Television Practice : |
| Remainder of title | principles, technology and servicing / |
| Statement of responsibility, etc. | R.R Gulati |
| 260 ## - PUBLICATION, DISTRIBUTION, ETC. | |
| Place of publication, distribution, etc. | India |
| Name of publisher, distributor, etc. | Wiley Eastern Limited |
| Date of publication, distribution, etc. | 1991 |
| 300 ## - PHYSICAL DESCRIPTION | |
| Extent | 673p |
| 505 ## - FORMATTED CONTENTS NOTE | |
| Formatted contents note | Introduction to Television (Page-1), Television Pictures (Page-10), Television Cameras (Page-23), Picture Tubes (Page-38), Composite Video Signal (Page-60), Colour Signal Generation and Encoding (Page-74), Television Signal Transmission and Propagation (Page-92), Television Systems and Standards (Page-120), Monochrome Television Receiver (Page-139), Pal-D Colour Receiver (Page-162), Television Receiver Tuners(Page-188), Vision if Subsystem(Page-211), Receiver Sound System (Page-238), Video Amplifiers and Luminance (Page-265), Colour Signal Decoding and Matrixing (Page-299), Sync Separation AFC Deflection (Page-332), Frame Deflection Circuits (Page-369), Line Deflection Circuit(Page-387),Television Receiver Power Supplies (Page-400), Receiver Antenna and Transmission Lines (Page-421), Receiver Circuits Components and Trouble Shooting (Page-453), Receiver Alignment and Servicing (Page-479), B&W Receiver Circuit and Aigment (Page-513), Monochrome Reviver Servicing (Page-530), Colour Receiver Types (Page-551), Cable Television (Page-565), Satellite Television (Page-580), Video-Tape Recording and Playback (Page-596), Teletext and Video Games (Page-626), Advances in Television Technology (Page-644). |
| 600 ## - SUBJECT ADDED ENTRY--PERSONAL NAME | |
| Personal name | R R Gulati |
| 9 (RLIN) | 105751 |
| 650 ## - SUBJECT ADDED ENTRY--TOPICAL TERM | |
| Topical term or geographic name entry element | Modern Television |
| 9 (RLIN) | 105752 |
| 942 ## - ADDED ENTRY ELEMENTS (KOHA) | |
| Source of classification or shelving scheme | |
| Koha item type | Book |
| Withdrawn status | Lost status | Source of classification or shelving scheme | Damaged status | Not for loan | Permanent Location | Current Location | Shelving location | Date acquired | Full call number | Barcode | Date last seen | Price effective from | Koha item type | Public note |
|---|---|---|---|---|---|---|---|---|---|---|---|---|---|---|
| Military College of Signals (MCS) | Military College of Signals (MCS) | General Stacks | 12/12/2016 | 621.388,GUL | MCS5663 | 12/08/2016 | 12/12/2016 | Book | Almirah No.39, Shelf No.4 |
